Szczegóły MARC21

Das Narrenschiff : Text und Holzschnitte der Erstausgabe 1494 : Zusätze der Ausgaben 1495 und 1499 /

003 -Nazwa inst., której nr kontr. jest w polu 001 [,]
    • @
    • Nazwa instytucji, której n kontrolny jest w polu 001
    • NUKAT
005 -DATA I CZAS OSTATNIEJ MODYFIKACJI [,]
    • @
    • pole kontrolne
    • 20241231091654.0
020 -Międzynarod. znormalizowany nr książki - ISBN [ , ]
    • a
    • Numer ISBN
    • 3379000221 Find
040 -Instytucja sporządzająca opis [ , ]
    • a
    • Instytucja, która sporządziła opis (NP)
    • KAT U/46MM
    • b
    • Język katalogowania
    • pol
    • e
    • Zasady katalogowania
    • rda
    • c
    • Instytucja, która sporządziła rekord (NP)
    • KAT U/46MMs
    • d
    • Instytucja, która zmodyfikowała rekord (P)
    • KAT U/41BM
    • d
    • Instytucja, która zmodyfikowała rekord (P)
    • KAT U/46MM
    • d
    • Instytucja, która zmodyfikowała rekord (P)
    • WA U/WI
942 -Rodzaj dokumentu [ , ]
    • c
    • Rodzaj dokumentu
    • Książka
100 -Hasło główne - nazwa osobowa [1, ]
    • a
    • Nazwa osobowa (NP)
    • Brant, Sebastian
    • d
    • Daty biograficzne (NP)
    • (1458-1521).
    • e
    • Rodzaj współpracy
    • Autor
    • 9
    • KHW
    • 230836
240 -Tytuł ujednolicony [1,0]
    • a
    • Tytuł ujednolicony
    • Narrenschiff
    • l
    • Język tekstu
    • (niem.)
    • 9
    • KHW
    • 500965
245 -Strefa tytułu i oznaczenia odpowiedzialności [1,4]
    • a
    • Tytuł
    • Das Narrenschiff : Find
    • b
    • Ciąg dalszy tytułu (NP)
    • Text und Holzschnitte der Erstausgabe 1494 : Zusätze der Ausgaben 1495 und 1499 / Find
    • c
    • Pozostałe elementy strefy tytułu i oznaczenia odpowiedzialności (NP)
    • Sebastian Brant ; Textfassung und Erläuterungen von Elvira Pradel ; Einleitung von Claus Träger ; Nachbemerkung zu den Holzschnitten von Michael Stuhr.
250 -Strefa wydania [ , ]
    • a
    • Oznaczenie wydania (NP)
    • 2. Auflage.
260 -Strefa adresu wydawniczego [ , ]
    • a
    • Miejsce wydania (P)
    • Leipzig :
    • b
    • Nazwa wydawcy (P)
    • Verlag Philipp Reclam jun.,
    • c
    • Data wydania (P)
    • 1986.
300 -Strefa opisu fizycznego [ , ]
    • a
    • Określenie formy książki i/lub objętość (NP)
    • 386 stron :
    • b
    • Oznaczenie ilustracji (NP)
    • ilustracje ;
    • c
    • Format (NP)
    • 18 cm.
336 -Typ zawartości [ , ]
    • a
    • Termin opisujący typ zawartości
    • Tekst
    • b
    • Kod określający zawartość
    • txt
    • 2
    • Źródło (terminu i kodu)
    • rdacontent
337 -Typ mediów [ , ]
    • a
    • Tryb odtwarzania
    • Bez urządzenia pośredniczącego
    • b
    • Kod typu mediów
    • n
    • 2
    • Źródło (terminu i kodu)
    • rdamedia
338 -Typ/rodzaj nośnika [ , ]
    • a
    • Hasło opisujące typ nośnika
    • Wolumin
    • b
    • Kod typu nośnika
    • nc
    • 2
    • Źródło (terminu i kodu)
    • rdacarrier
490 -Strefa serii i książki wielotomowej - forma nie do wyszukiwania [1, ]
    • a
    • Tytuł (P)
    • Reclams Universal-Bibliothek. Belletristik Find
830 -Hasło dodatkowe serii i opisu książki wielotomowej - tytuł ujednolicony/tytuł [ ,0]
    • a
    • Tytuł ujednolicony/tytuł (NP)
    • Reclams Universal-Bibliothek
    • x
    • ISSN
    • 0722-8511
    • v
    • Oznaczenie tomu (NP)
    • Bd. 793
    • 9
    • KHW
    • 12680
830 -Hasło dodatkowe serii i opisu książki wielotomowej - tytuł ujednolicony/tytuł [ ,0]
    • a
    • Tytuł ujednolicony/tytuł (NP)
    • Reclams Universal-Bibliothek.
    • p
    • Nazwa części/podserii/sekcji (P)
    • Belletristik
    • 9
    • KHW
    • 16982
500 -Uwaga ogólna [ , ]
    • a
    • Uwaga ogólna (NP)
    • W serii głównej: Bd. 793.
500 -Uwaga ogólna [ , ]
    • a
    • Uwaga ogólna (NP)
    • Mit 114 Abbildungen.
080 -Uniwersalna Klasyfikacja Dziesiętna [ , ]
    • a
    • Symbol klasyfikacji
    • 830-1=30
655 -Hasło w funkcji tematu formalnego [ ,7]
    • a
    • Hasło
    • Poezja satyryczna niemiecka
    • y
    • Określnik chronologiczny
    • 1050-1500 (średnio-wysoko-niemiecka).
    • 2
    • Źródło terminu
    • kaba
    • 9
    • KHW
    • 500653
655 -Hasło w funkcji tematu formalnego [ ,7]
    • a
    • Hasło
    • Satyra niemiecka
    • y
    • Określnik chronologiczny
    • 16 w.
    • 2
    • Źródło terminu
    • kaba
    • 9
    • KHW
    • 499373
980 -Symbol UKD [ , ]
    • a
    • UKD
    • 830-1=30
700 -Hasło dodatkowe - nazwa osobowa [1, ]
    • a
    • Nazwa osobowa (NP)
    • Pradel, Elvira. Find
    • e
    • Określenie rodzaju współpracy
    • Redakcja
    • 9
    • KHW
    • 493448
700 -Hasło dodatkowe - nazwa osobowa [1, ]
    • a
    • Nazwa osobowa (NP)
    • Träger, Claus Find
    • d
    • Daty biograficzne (NP)
    • (1927-2005).
    • e
    • Określenie rodzaju współpracy
    • Wstęp
    • 9
    • KHW
    • 449016
700 -Hasło dodatkowe - nazwa osobowa [1, ]
    • a
    • Nazwa osobowa (NP)
    • Stuhr, Michael Find
    • d
    • Daty biograficzne (NP)
    • (1942-2021).
    • e
    • Określenie rodzaju współpracy
    • Posłowie
    • 9
    • KHW
    • 493548
710 -Hasło dodatkowe - nazwa ciała zbiorowego [2, ]
    • a
    • Nazwa ciała zbiorowego lub nazwa geograficzna jako pierwszy element (NP)
    • Philipp Reclam junior (Stuttgart).
    • e
    • Rodzaj współpracy
    • Wydawca
    • 4
    • Kod relacji
    • pbl
    • 9
    • KHW
    • 51247
920 -ISBN [ , ]
    • a
    • ISBN
    • 3-379-00022-1 Find
Data inwentaryzacji Status udost. Lokalizacja Sygnatura Numer inwentarzowy
2001-03-12-3BGW.203740W.203740
2000-11-02-3BMGerm. Literatura niemieckaG.656
2019-02-041BM Q.542
 -3BM G.3893